| 000 -LEADER |
| fixed length control field |
01449cam a2200325 a 4500 |
| 001 - CONTROL NUMBER |
| control field |
1390020 |
| 003 - CONTROL NUMBER IDENTIFIER |
| control field |
NUST - PNEC |
| 005 - DATE AND TIME OF LATEST TRANSACTION |
| control field |
20170116181118.0 |
| 008 - FIXED-LENGTH DATA ELEMENTS--GENERAL INFORMATION |
| fixed length control field |
830114s1982 paua b 101 0 eng |
| 010 ## - LIBRARY OF CONGRESS CONTROL NUMBER |
| LC control number |
82060584 |
| 020 ## - INTERNATIONAL STANDARD BOOK NUMBER |
| International Standard Book Number |
0895203952 |
| 040 ## - CATALOGING SOURCE |
| Original cataloging agency |
DLC |
| Transcribing agency |
LIBRARY |
| Modifying agency |
DLC |
| 050 00 - LIBRARY OF CONGRESS CALL NUMBER |
| Classification number |
TS370 |
| Item number |
.A36 1982 |
| 082 00 - DEWEY DECIMAL CLASSIFICATION NUMBER |
| Classification number |
673.7322 HAS |
| Edition number |
19 |
| 245 00 - TITLE STATEMENT |
| Title |
Advanced processing methods for titanium : |
| Remainder of title |
casting, forming, machining, welding : proceedings of a symposium / |
| Statement of responsibility, etc. |
sponsored by the Titanium and Physical Metallurgy Committees of the Metallurgical Society of AIME held at the TMS Fall Meeting, Louisville, Kentucky, October 13-15, 1981 ; edited by Dennis F. Hasson, and C.H. Hamilton. |
| 260 ## - PUBLICATION, DISTRIBUTION, ETC. |
| Place of publication, distribution, etc. |
Warrendale, Pa. : |
| Name of publisher, distributor, etc. |
Metallurgical Society of AIME, |
| Date of publication, distribution, etc. |
c1982. |
| 300 ## - PHYSICAL DESCRIPTION |
| Extent |
viii, 315 p. : |
| Other physical details |
ill. ; |
| Dimensions |
24 cm. |
| 490 1# - SERIES STATEMENT |
| Series statement |
Conference proceedings / the Metallurgical Society of AIME |
| 504 ## - BIBLIOGRAPHY, ETC. NOTE |
| Bibliography, etc. note |
Includes bibliographical references and indexes. |
| 650 #0 - SUBJECT ADDED ENTRY--TOPICAL TERM |
| Topical term or geographic name entry element |
Titanium |
| General subdivision |
Congresses. |
| 650 #0 - SUBJECT ADDED ENTRY--TOPICAL TERM |
| Topical term or geographic name entry element |
Metal-work |
| General subdivision |
Congresses. |
| 700 1# - ADDED ENTRY--PERSONAL NAME |
| Personal name |
Hasson, Dennis F. |
| 700 1# - ADDED ENTRY--PERSONAL NAME |
| Personal name |
Hamilton, C. H. |
| Fuller form of name |
(C. Howard) |
| 710 2# - ADDED ENTRY--CORPORATE NAME |
| Corporate name or jurisdiction name as entry element |
Metallurgical Society of AIME. |
| Subordinate unit |
Titanium Committee. |
| 710 2# - ADDED ENTRY--CORPORATE NAME |
| Corporate name or jurisdiction name as entry element |
Metallurgical Society of AIME. |
| Subordinate unit |
Physical Metallurgy Committee. |
| 710 2# - ADDED ENTRY--CORPORATE NAME |
| Corporate name or jurisdiction name as entry element |
Metallurgical Society of AIME. |
| 830 #0 - SERIES ADDED ENTRY--UNIFORM TITLE |
| Uniform title |
Conference proceedings (Metallurgical Society of AIME) |
| 906 ## - LOCAL DATA ELEMENT F, LDF (RLIN) |
| a |
7 |
| b |
cbc |
| c |
orignew |
| d |
2 |
| e |
opcn |
| f |
19 |
| g |
y-gencatlg |
| 942 ## - ADDED ENTRY ELEMENTS (KOHA) |
| Source of classification or shelving scheme |
|
| Koha item type |
Book |